00362nam a2200145 a 450000500170000000800410001702000180005805000180007610000160009424500270011026000320013730000080016944000270017765000120020420140412111427.0090701s19uu xx 00 eng d a89-527-3869-1 aTR(PS EbGo53 aKelly, L.R. aGo Fish /cL.R. Kelly. aU.S.A :bPearson Education. a8p. aScott foresman reading aPhonics